000
00287nam a22001337a 4500
020
_a
978-8174090737
041
_a
ENG
100
_a
Rai.G.D
245
_a
Non -Conventional Energy Sources
260
_a
Delhi
_b
Khanna Publishers
_c
2018
300
_a
696
650
_a
EOES
856
_u
EOES
999
_c
66
_d
66